Tu recia constitución: cómo se ha planeado y construido el hogar de la libertad en los Estados Unidos
Wedi'i Gadw mewn:
| Prif Awduron: | , |
|---|---|
| Fformat: | Llyfr |
| Iaith: | Sbaeneg |
| Cyhoeddwyd: |
Nueva York
Freedom Fund Library Series
1952
|
| Rhifyn: | 2a. ed |
| Pynciau: | |
| Tagiau: |
Ychwanegu Tag
Dim Tagiau, Byddwch y cyntaf i dagio'r cofnod hwn!
|
MARC
| LEADER | 00000nam a2200000 a 4500 | ||
|---|---|---|---|
| 001 | UCT9718 | ||
| 003 | CL-VaPUC | ||
| 008 | 970411e19520000US |||||||||||||||||spa|d | ||
| 082 | 0 | 4 | |a 342.73 |b FIN |2 21 |
| 100 | 0 | |a Findlay, Bruce |e author |9 382654 | |
| 700 | 0 | |a Findlay, Esther |e author |9 382655 | |
| 245 | 1 | 0 | |a Tu recia constitución: cómo se ha planeado y construido el hogar de la libertad en los Estados Unidos |
| 250 | |a 2a. ed | ||
| 300 | |a 155 p | ||
| 942 | |c BK | ||
| 945 | |d 19970411 00:00:00 |a paguirre | ||
| 260 | |a Nueva York |b Freedom Fund Library Series |c 1952 | ||
| 650 | 0 | |a Constituciones |9 255417 | |
| 650 | 0 | |a Derecho constitucional |9 222588 | |
| 650 | 0 | |a Libertad individual |9 352859 | |
| 650 | 0 | |a Poder legislativo |9 258808 | |
| 650 | 0 | |a Poder ejecutivo |9 255177 | |
| 650 | 0 | |a Poder judicial |9 254871 | |
| 650 | 0 | |a Derechos civiles y políticos |9 338684 | |
| 651 | 0 | |a Estados Unidos |9 255178 | |
| 583 | |a last modification |c 19970411 00:00:00 |k Rodrigo Vera | ||
| 999 | |c 258097 |d 258095 | ||
| 952 | |0 0 |1 0 |4 0 |6 342_730000000000000_FIN_1952 |7 0 |8 A |9 281907 |a BIBDER |b BIBDER |d 2019-11-19 |i 1829130 |o 342.73 FIN 1952 |p 1829130 |r 2023-01-25 |w 2019-11-19 |y BK |k DER | ||